Bihugeet aru banghosha/ (Record no. 3672)

MARC details
000 -LEADER
fixed length control field 00506cam a2200193ua 4500
005 - DATE AND TIME OF LATEST TRANSACTION
control field 20260515113735.0
008 - FIXED-LENGTH DATA ELEMENTS--GENERAL INFORMATION
fixed length control field 111222n ii |||gr||||Z||||||asm
040 ## - CATALOGING SOURCE
Transcribing agency MAIN
Original cataloging agency IN-DiNC
082 ## - DEWEY DECIMAL CLASSIFICATION NUMBER
Classification number 780
Item number GOG
100 ## - MAIN ENTRY--PERSONAL NAME
Personal name Gogoi, Lila,
Relator term author
245 11 - TITLE STATEMENT
Title Bihugeet aru banghosha/
Statement of responsibility, etc. by Lila Gogoi
250 ## - EDITION STATEMENT
Edition statement 2nd.
260 ## - PUBLICATION, DISTRIBUTION, ETC.
Place of publication, distribution, etc. Guwahati:
Name of publisher, distributor, etc. Lawyers book stall,
Date of publication, distribution, etc. 2014.
300 ## - PHYSICAL DESCRIPTION
Dimensions 270p.
650 ## - SUBJECT ADDED ENTRY--TOPICAL TERM
Topical term or geographic name entry element Assamese Bihu songs
653 ## - INDEX TERM--UNCONTROLLED
Uncontrolled term Assamese song
653 ## - INDEX TERM--UNCONTROLLED
Uncontrolled term Bihugeet aru banghosha
942 ## - ADDED ENTRY ELEMENTS (KOHA)
Koha item type Books
Source of classification or shelving scheme Dewey Decimal Classification
Holdings
Withdrawn status Lost status Source of classification or shelving scheme Damaged status Not for loan Collection Home library Current library Shelving location Date acquired Cost, normal purchase price Total checkouts Full call number Barcode Date last seen Copy number Price effective from Koha item type Date last checked out
    Dewey Decimal Classification       Naharkatiya College Library Naharkatiya College Library General stacks 09/19/2020 200.00   780 GOG 7863 09/19/2020 1 09/19/2020 Books  
    Dewey Decimal Classification       Naharkatiya College Library Naharkatiya College Library General stacks 04/06/2023 200.00 3 780 GOG 25921 04/29/2025 2 04/06/2023 Books 04/19/2025